000 00837nam a2200229 a 4500
001 BRCA_432
005 20190320203016.0
008 891005s1990 nyua---##b---#001-0#eng-#
020 _a0289800315
040 _aDLC
_cDLC
_dDLC
050 4 _aNK4111
_b.L63 1990
100 1 _aLobanov-Rostovsky, Nina
_91470
245 1 0 _aRevolutionary ceramics
_bSoviet porcelain : 1917-1927
_cNina Lobanov-Rostovsky.
260 _aNueva York
_bStudio Vista
_c1990
300 _a160 p.
_bil. (algunas a color)
_c26 cm.
500 _aIncluye cronología, biografías de artistas, firmas y marcas
504 _aBibliografía: p. 158
610 2 4 _aLeningradskii gosudarstvennyi farforovyi zavod imeni M.V. Lomonosova
_91471
650 1 4 _aPorcelana rusa
_xHistoria
_91472
651 4 _aUnión Soviética
_xHistoria
_yRevolución, 1917-1921
_91473
942 _2lcc
_cB
999 _c367
_d367